000 00583nam a2200241 a 4500
001 0001-1345
003 ELIB.Books
008 150909 2010 eng
020 _aKBTS
035 _a(ELIB.Books)0001-1500
092 _a080
_bRod
100 _aRodale
245 _a50 Things That Really Matter
260 _aChina
_bRodale, Inc.
_c2002
300 _a159
_c18.4 Cm
500 _aDr. Min Oo
650 _aGeneral Collection
856 _nKBTS: Library
_uKBTS: Elib
942 _2ddc
_cBK
990 _a1
998 _cbat
_e2015-09-09
999 _c11345
_d11345